Topics in algebra (Record no. 129)

MARC details
000 -LEADER
fixed length control field 00430 a2200193 4500
001 - CONTROL NUMBER
control field 065793
003 - CONTROL NUMBER IDENTIFIER
control field OSt
005 - DATE AND TIME OF LATEST TRANSACTION
control field 20251205125413.0
008 - FIXED-LENGTH DATA ELEMENTS--GENERAL INFORMATION
fixed length control field
082 ## - DEWEY DECIMAL CLASSIFICATION NUMBER
Classification number 512
Item number H43T
100 1# - MAIN ENTRY--PERSONAL NAME
Personal name Herstein, I.N.
245 1# - TITLE STATEMENT
Title Topics in algebra
Statement of responsibility, etc by I.N. Herstein
250 ## - EDITION STATEMENT
Edition statement 2nd ed.
260 ## - PUBLICATION, DISTRIBUTION, ETC. (IMPRINT)
Place of publication, distribution, etc India
Name of publisher, distributor, etc Wiley
Date of publication, distribution, etc 2009
300 ## - PHYSICAL DESCRIPTION
Extent 388p.
500 ## - GENERAL NOTE
General note English
690 ## - LOCAL SUBJECT ADDED ENTRY--TOPICAL TERM (OCLC, RLIN)
Topical term or geographic name as entry element Algebra
942 ## - ADDED ENTRY ELEMENTS (KOHA)
Source of classification or shelving scheme Dewey Decimal Classification
Koha item type Books
Holdings
Withdrawn status Lost status Source of classification or shelving scheme Damaged status Not for loan Collection code Home library Current library Department Date acquired Source of acquisition Coded location qualifier Cost, normal purchase price Inventory number(Invoice/Date) Total Checkouts Full call number Barcode Date last seen Date checked out Koha item type
    Dewey Decimal Classification     General Text Book Central University Of Rajasthan Central University Of Rajasthan Mathematics 07/03/2012 MTH Allied, Ja 319.00 13210/18-9-09 7 512 H43T 80 21/11/2024 04/03/2024 Books
    Dewey Decimal Classification     General Text Book Central University Of Rajasthan Central University Of Rajasthan Mathematics 07/03/2012 MTH Allied, Ja 319.00 13210/18-9-09 5 512 H43T 81 29/04/2026 16/04/2026 Books
    Dewey Decimal Classification     General Text Book Central University Of Rajasthan Central University Of Rajasthan Mathematics 05/12/2025 MTH Allied, Ja 319.00 13210/18-9-09 6 512 H43T 79 18/05/2026 06/05/2026 Books